| 000 | 01420cam a2200361 a 4500 | ||
|---|---|---|---|
| 001 | EDZ0000064205 | ||
| 003 | StDuBDS | ||
| 005 | 20161031105217.0 | ||
| 006 | m||||||||d|||||||| | ||
| 007 | cr ||||||||||| | ||
| 008 | 120327s2001 enka fo| 001|0|eng d | ||
| 020 |
_a9781446219867 (ebook) : _cNo price |
||
| 040 |
_aStDuBDS _beng _cStDuBDS _epn |
||
| 049 | _aAlfaisal Main Library | ||
| 050 | 0 |
_aBD331 _b.C76 2001 |
|
| 082 | 0 | 4 |
_a306.4 _223 |
| 100 | 1 |
_aCrossley, Nick, _d1968- |
|
| 245 | 1 | 4 |
_aThe social body _h[electronic resource] : _bhabit, identity and desire / _cNick Crossley. |
| 260 |
_aLondon : _bSAGE, _cc2001. |
||
| 300 |
_a1 online resource (170 p.) : _bill. |
||
| 504 | _aIncludes bibliographical references and index. | ||
| 520 | 8 | _aExamining key questions regarding human embodiment, this text explores both the corporeal nature of social life and the social nature of the human body. It will be of interest to new students in the area and the more established community alike. | |
| 521 | _aSpecialized. | ||
| 588 | _aDescription based on print version record. | ||
| 650 | 0 |
_aHuman body _xSocial aspects. |
|
| 650 | 0 | _aDualism. | |
| 650 | 0 | _aMind and body. | |
| 655 | 7 |
_aElectronic books. _2local |
|
| 710 | 2 | _aSage eBooks | |
| 776 | 0 | 8 |
_iPrint version : _z9780761966401 |
| 856 | 4 | 0 | _uhttp://ezproxy.alfaisal.edu/login?url=http://sk.sagepub.com/books/the-social-body |
| 942 |
_2lcc _cEBOOKS |
||
| 999 |
_c481781 _d481781 |
||